| 000 | 00915nam a22003017a 4500 | ||
|---|---|---|---|
| 001 | BR9903730 | ||
| 003 | BR-BrBNA | ||
| 005 | 20230928100506.0 | ||
| 007 | ta | ||
| 008 | 230509b bl.||||| |||| 00| 0 por d | ||
| 040 |
_aBR-BrBNA _bpor _cBiblioteca Nacional de Agricultura |
||
| 041 | _a(Por) | ||
| 072 | _aE14; F06; P11 | ||
| 090 | _ E14 BR9903730 | ||
| 110 | 1 |
_aMinisterio da Agricultura, Brasilia, DF (Brasil) _96753 |
|
| 110 | 1 |
_aMinisterio da Educacao e Cultura, Brasilia, DF (Brasil) _97005 |
|
| 245 | 1 | _aProjeto demonstrativo de irrigacao e drenagem do Colegio Agricola de Brasilia | |
| 260 | 3 |
_aBrasilia, DF (Brasil): _c1984. |
|
| 300 | _av. 1-2 | ||
| 500 | _a17 illus.; 33 tables | ||
| 650 | _aProjeto de Desenvolvimento | ||
| 650 | _aIrrigacao | ||
| 650 | _aDrenagem | ||
| 650 | _aEvapotranspiracao | ||
| 650 | _aDistrito Federal | ||
| 909 |
_a202309 _bLucia _c55 _dLucia Elande |
||
| 942 | _cBK | ||
| 999 |
_c61540 _d61540 |
||